Sports Quiz

Random Sports Quiz

Israeli Champions League XI's Quiz Stats

Quiz not verified by Sporcle

Challenge
Share
Tweet
Embed
Score 0/55 Timer 10:00
0 Plays Today
Hint Answer % Correct
Hapoel Tel Aviv (10/11)Eran Zahavi
88.2%
Maccabi Tel Aviv (15/16)Tal Ben-Haim
88.2%
Maccabi Tel Aviv (15/16)Tal Ben-Haim
88.2%
Maccabi Tel Aviv (15/16)Eran Zahavi
88.2%
Maccabi Haifa (02/03)Ayegbeni Yakubu
76.5%
Maccabi Haifa (09/10)Nir Davidovich
76.5%
Maccabi Haifa (02/03)Walid Badir
70.6%
Maccabi Tel Aviv (04/05)Tamir Cohen
70.6%
Hapoel Tel Aviv (10/11)Walid Badir
70.6%
Maccabi Haifa (02/03)Dudu Aouate
64.7%
Maccabi Haifa (02/03)Yaniv Katan
64.7%
Maccabi Tel Aviv (04/05)Baruch Dego
64.7%
Maccabi Haifa (09/10)Yaniv Katan
64.7%
Hapoel Tel Aviv (10/11)Etey Shechter
64.7%
Maccabi Tel Aviv (04/05)Liran Strauber
58.8%
Hapoel Tel Aviv (10/11)Gil Vermouth
58.8%
Maccabi Tel Aviv (15/16)Predrag Rajkovic
58.8%
Maccabi Tel Aviv (15/16)Eytan Tibi
58.8%
Maccabi Tel Aviv (15/16)Omri Ben-Harush
58.8%
Maccabi Tel Aviv (15/16)Gal Alberman
58.8%
Maccabi Haifa (02/03)Alon Harazi
52.9%
Maccabi Haifa (02/03)Arik Benado
52.9%
Maccabi Haifa (02/03)Giovanni Rosso
52.9%
Maccabi Haifa (09/10)Dekel Keinan
52.9%
Maccabi Haifa (09/10)Beram Kayal
52.9%
Maccabi Haifa (09/10)Eyal Golasa
52.9%
Hapoel Tel Aviv (10/11)Vincent Enyeama
52.9%
Maccabi Haifa (02/03)Adoram Keisi
47.1%
Hint Answer % Correct
Maccabi Haifa (02/03)Nenad Pralija
47.1%
Maccabi Haifa (09/10)Eyal Meshumar
47.1%
Maccabi Haifa (09/10)Vladimer Dvalishvili
47.1%
Maccabi Haifa (09/10)John Culma
47.1%
Hapoel Tel Aviv (10/11)Douglas da-Silva
47.1%
Hapoel Tel Aviv (10/11)Dedi Ben-Dayan
47.1%
Hapoel Tel Aviv (10/11)Toto Tamuz
47.1%
Maccabi Haifa (02/03)Avishay Zano
41.2%
Maccabi Haifa (02/03)Raimondas Zutautas
41.2%
Maccabi Tel Aviv (04/05)Avi Strul
41.2%
Maccabi Tel Aviv (04/05)John Paintsil
41.2%
Maccabi Haifa (09/10)Tsepo Masilela
41.2%
Maccabi Tel Aviv (15/16)Eli Dasa
41.2%
Maccabi Tel Aviv (15/16)Nikola Mitrovic
41.2%
Hapoel Tel Aviv (10/11)Dani Bondar
35.3%
Hapoel Tel Aviv (10/11)Avihay Yadin
35.3%
Hapoel Tel Aviv (10/11)Shay Abutbul
35.3%
Maccabi Tel Aviv (15/16)Nosa Igiebor
35.3%
Maccabi Tel Aviv (04/05)Ishmael Addo
29.4%
Maccabi Haifa (09/10)Gustavo Boccoli
29.4%
Maccabi Tel Aviv (15/16)Dor Peretz
29.4%
Maccabi Tel Aviv (04/05)Erez Mesika
23.5%
Maccabi Tel Aviv (04/05)Marcio Giovanini
23.5%
Maccabi Haifa (09/10)Jorge Teixeira
17.6%
Maccabi Tel Aviv (04/05)Moshe Mishaelof
11.8%
Maccabi Tel Aviv (04/05)Shuki Nagar
11.8%
Maccabi Tel Aviv (04/05)Bruno Reis
11.8%

You're not logged in!

Compare scores with friends on all Sporcle quizzes.
Sign Up with Email
OR
Log In

You Might Also Like...

Show Comments

Extras

Top Quizzes Today


Score Distribution

Your Account Isn't Verified!

In order to create a playlist on Sporcle, you need to verify the email address you used during registration. Go to your Sporcle Settings to finish the process.